El contrato de comodato

Guardat en:
Dades bibliogràfiques
Autor principal: Pérez de Ontiveros Baquero, Carmen (Autor)
Format: Llibre
Idioma:espanyol
Publicat: Pamplona Aranzadi 1998
Col·lecció:Colección Monografías Aranzadi, 22
Matèries:
Etiquetes: Afegir etiqueta
Sense etiquetes, Sigues el primer a etiquetar aquest registre!

MARC

LEADER 00000nam a2200000 a 4500
001 UCP3517
003 CL-VaPUC
008 990625e19980000SP |||||||||||||||||spa|d
082 0 4 |a 346.02  |b PER  |2 21 
100 0 |a Pérez de Ontiveros Baquero, Carmen  |e author  |9 430871 
245 1 3 |a El contrato de comodato 
300 |a 295 p 
942 |c BK 
945 |d 19990625 00:00:00  |a vberengu 
260 |a Pamplona  |b Aranzadi  |c 1998 
650 0 |a Derecho español  |9 255291 
650 0 |a Contratos  |9 255153 
650 0 |a Obligaciones   |9 255578 
650 7 |a CONTRATOS DE MUTUO  |2 CL-VaPUC  |9 398307 
650 0 |a Contratos reales  |9 258716 
650 7 |a PRECONTRATO  |2 CL-VaPUC  |9 390905 
650 7 |a PERDIDAS  |2 CL-VaPUC  |9 397776 
650 7 |a DETERIORO  |2 CL-VaPUC  |9 422728 
583 |a last modification  |c 19990625 00:00:00  |k Rodrigo Vera 
490 0 |a Colección Monografías Aranzadi, 22 
999 |c 281828  |d 281826 
952 |0 0  |1 0  |4 0  |6 346_020000000000000_PER_1998  |7 0  |8 A  |9 322826  |a BIBDER  |b BIBDER  |d 2019-11-20  |i 3489302  |o 346.02 PER 1998  |p 3489302  |r 2023-01-25  |w 2019-11-20  |y BK  |k DER